| Tag |
First Indicator |
Second Indicator |
Subfields |
| LEADER |
00000cam a2200000 4500 |
| 001 |
in00000059224 |
| 005 |
20151008051542.0 |
| 008 |
751029s1922 nyu b 00010 eng |
| 010 |
|
|
|a 22015083
|
| 035 |
|
|
|a (OCoLC)01742914
|
| 035 |
|
|
|9 AAG8623AM
|
| 040 |
|
|
|a DLC
|c BBH
|d TXA
|d UtOrBLW
|
| 043 |
|
|
|a a-ja--
|
| 049 |
|
|
|a TXAM
|c [104745]
|
| 050 |
|
0 |
|a HJ8805
|b .K6
|
| 092 |
|
|
|a 336.52
|b K75w
|
| 100 |
1 |
|
|a Kobayashi, Ushisaburo,
|d 1866-1930.
|
| 245 |
1 |
0 |
|a War and armament loans of Japan /
|c by Ushisaburo Kobayashi, D. C. L.
|
| 264 |
|
1 |
|a New York :
|b Oxford University Press,
|c 1922.
|
| 300 |
|
|
|a xv, 221 pages ;
|c 26 cm.
|
| 336 |
|
|
|a text
|b txt
|2 rdacontent
|
| 337 |
|
|
|a unmediated
|b n
|2 rdamedia
|
| 338 |
|
|
|a volume
|b nc
|2 rdacarrier
|
| 490 |
1 |
|
|a Publications of the Carnegie endowment for international peace. Division of economics and history
|
| 500 |
|
|
|a Japanese monographs, edited by Baron Y. Sakatani.
|
| 504 |
|
|
|a Bibliography: pages xi-xii.
|
| 650 |
|
0 |
|a Debts, Public
|z Japan.
|
| 650 |
|
0 |
|a Finance
|z Japan.
|
| 740 |
0 |
|
|a Loans of Japan, War and armament.
|
| 830 |
|
0 |
|a Publications of the Carnegie Endowment for International Peace, Division of Economics and History.
|
| 999 |
|
|
|a MARS
|
| 999 |
f |
f |
|s fcc390a0-7e78-3b4b-8629-ad2407eb4ba0
|i 77ca3d4e-792a-3fc8-b035-e167385b7576
|t 0
|
| 952 |
f |
f |
|p ric
|a Texas A&M University
|b Rellis Campus
|c Joint Library Facility
|d Remote Storage
|t 0
|e HJ8805 .K6
|h Library of Congress classification
|i unmediated -- volume
|m A14800751658
|
| 998 |
f |
f |
|a HJ8805 .K6
|t 0
|l Remote Storage
|